Statistiques concernant Prénoms de stars - Série 06

Cliquez ici pour prendre le quiz!

Statistiques générales

  • Ce quiz a été pris 523 fois
  • Le résultat moyen est 7 sur 10

Statistiques - réponses

NomPrénom% Correct
DujardinJean
99%
DepardieuGérard
98%
DelonAlain
97%
SyOmar
93%
ClavierChristian
92%
AuteuilDaniel
78%
BlierBernard
44%
BohringerRichard
40%
FresnayPierre
24%
PousseAndré
22%

Distribution des résultats

Percentile par nombre de réponses

% des personnes avec chaque résultat

Votre développement - résultats

Vous n’avez pas pris ce quiz